00903nam a22001817a 4500003000400000005001700004008004100021020001800062050002700080082002900107245028800136260019400424300005400618521002100672526001600693541000600709562000600715OSt20140310182921.0130129t xxu||||| |||| 00| 0 eng d a9789719516606 aDS 686.614b.V433 2011 aFIL 959.9058b.V433 2011 aFVR wow, 111111-111 : words of wisdombdedicated in honor of Ambassador Narciso Rueca Ramos on his 111th birth anniversary on 11 November 2011, born in Asingan, Pangasinan on 11 November 1900 : timeless quotes of President Fidel Valdez Ramos and contemporariescVelasco, Melandrew T. aCubao, Quezon CitybPublished and exclusively distributed by MTVi Production House, Media Touchstone Ventures, Inc., and the Ramos Peace and Development Foundation, Inc., Makati Citycc2011 a371 p.c23 cm.bill. (some col.), map (some col.) acollege students c1210L-1700L j1 e1